Statistics for Car Seat Headrest - It's Only Sex Lyrics

Click here to take the quiz!

General Stats

  • This quiz has been taken 62 times
  • The average score is 328 of 392

Answer Stats

Answer% Correct
I
100%
it?
100%
it
100%
It
100%
on
100%
sex
100%
a
97%
only
97%
to
97%
But
94%
gay
94%
It's
94%
it’s
94%
It’s
94%
my
94%
My
94%
the
94%
The
94%
you
94%
about
91%
and
91%
And
91%
be
91%
don’t
91%
like
91%
me
91%
no
91%
of
91%
What
91%
what
91%
bisexual
88%
is
88%
so
88%
So
88%
how
84%
if
84%
now"
84%
Now
84%
"Now
84%
sweat
84%
with
84%
asexual
81%
care
81%
desire
81%
feel
81%
having
81%
night
81%
Not
81%
or
81%
other
81%
out
81%
problems?
81%
some
81%
cried
78%
ears
78%
Okay
78%
okay
78%
thinking
78%
While
78%
blogs
75%
happens
75%
have
75%
hypothetical
75%
people
75%
shame
75%
straight
75%
tell
75%
all
72%
can’t
72%
however
72%
neck
72%
tears
72%
pain
69%
said
69%
their
69%
body
66%
face
66%
hundreds
66%
I’m
66%
deal!
63%
deals
63%
reading
63%
subconscious
63%
talk
63%
they
63%
Just
59%
such
59%
when
59%
wiped
59%
Baby
56%
been
56%
feeling?
56%
impulse
56%
I’ve
56%
pleasure
56%
see
56%
backs
53%
betray
53%
hurt
53%
positive
53%
treasure
53%
very
53%
Constantly
50%
honey
50%
in
50%
try
50%
flesh
47%
myself
47%
ain’t
44%
betrays
44%
cultured
44%
oh
44%
yields
44%
sex-positive
41%
this
41%
want
41%
literal
34%
sleep
34%
sense
31%
sexual
31%
love
28%
speak!)
28%
your
28%
(Come
25%
hold
25%
tight
19%
yeah
19%
physically
16%

Score Distribution

Percentile by Number Answered

Percent of People with Each Score

Your Score History

You have not taken this quiz